<?xml version="1.0" encoding="UTF-8"?>
<collection xmlns="http://www.loc.gov/MARC21/slim">
 <record>
  <leader>01941pam a22003138a 4500</leader>
  <controlfield tag="001">00030456</controlfield>
  <controlfield tag="005">20171026081025.0</controlfield>
  <controlfield tag="008">130320s2007                  ||||||engsd</controlfield>
  <datafield tag="020" ind1="#" ind2="#">
   <subfield code="a">9780521604635</subfield>
  </datafield>
  <datafield tag="041" ind1="0" ind2="#">
   <subfield code="a">eng</subfield>
  </datafield>
  <datafield tag="082" ind1="1" ind2="4">
   <subfield code="a">428</subfield>
   <subfield code="b">C104GR</subfield>
  </datafield>
  <datafield tag="100" ind1="1" ind2="#">
   <subfield code="a">Hopkins, Diana</subfield>
  </datafield>
  <datafield tag="245" ind1="1" ind2="0">
   <subfield code="a">Cambridge grammar for IELTS</subfield>
   <subfield code="b">Grammar reference and practice</subfield>
   <subfield code="c">Diana Hopkins, Pauline Cullen</subfield>
  </datafield>
  <datafield tag="260" ind1="#" ind2="#">
   <subfield code="a"> New York</subfield>
   <subfield code="b">Cambridge University Press</subfield>
   <subfield code="c">2007</subfield>
  </datafield>
  <datafield tag="300" ind1="#" ind2="#">
   <subfield code="a">viii,240 p.</subfield>
   <subfield code="c">25 cm.</subfield>
   <subfield code="b">ill</subfield>
  </datafield>
  <datafield tag="653" ind1="#" ind2="#">
   <subfield code="a">Anh ngữ thực hành</subfield>
  </datafield>
  <datafield tag="653" ind1="#" ind2="#">
   <subfield code="a">IELTS</subfield>
  </datafield>
  <datafield tag="653" ind1="#" ind2="#">
   <subfield code="a">Từ vựng</subfield>
  </datafield>
  <datafield tag="653" ind1="#" ind2="#">
   <subfield code="a">Tiếng Anh</subfield>
  </datafield>
  <datafield tag="700" ind1="1" ind2="#">
   <subfield code="a">Cullen, Pauline</subfield>
  </datafield>
  <datafield tag="852" ind1="#" ind2="#">
   <subfield code="b">Kho mượn</subfield>
   <subfield code="j">KGT.0035490</subfield>
  </datafield>
  <datafield tag="852" ind1="#" ind2="#">
   <subfield code="b">Kho đọc</subfield>
   <subfield code="j">KD.0014453</subfield>
  </datafield>
  <datafield tag="852" ind1="#" ind2="#">
   <subfield code="j">KGT.0035696, KGT.0035697, KGT.0035698, KGT.0035699, KGT.0035700, KGT.0035701, KGT.0035702, KGT.0035703, KGT.0035704, KGT.0035705, KGT.0035706, KGT.0035707, KGT.0035708, KGT.0035709, KGT.0035710, KGT.0035711, KGT.0035712, KGT.0035713, KGT.0035714, KGT.0035715, KGT.0035490, KGT.0036414, KGT.0036415, KGT.0036416, KGT.0036417, KGT.0036418, KGT.0036419, KGT.0036420, KGT.0036421, KGT.0036422, KGT.0036423, KGT.0036424, KGT.0036425, KGT.0036426, KGT.0036427, KGT.0036428, KGT.0036429, KGT.0036430, KGT.0036431</subfield>
   <subfield code="b">Kho giáo trình</subfield>
  </datafield>
  <datafield tag="852" ind1="#" ind2="#">
   <subfield code="j">KD.0014453</subfield>
   <subfield code="j">KGT.0035696</subfield>
   <subfield code="j">KGT.0035697</subfield>
   <subfield code="j">KGT.0035699</subfield>
   <subfield code="j">KGT.0035700</subfield>
   <subfield code="j">KGT.0035704</subfield>
   <subfield code="j">KGT.0035705</subfield>
   <subfield code="j">KGT.0035707</subfield>
   <subfield code="j">KGT.0035708</subfield>
   <subfield code="j">KGT.0035710</subfield>
   <subfield code="j">KGT.0035711</subfield>
   <subfield code="j">KGT.0035715</subfield>
   <subfield code="j">KGT.0036415</subfield>
   <subfield code="j">KGT.0036416</subfield>
   <subfield code="j">KGT.0036418</subfield>
   <subfield code="j">KGT.0036419</subfield>
   <subfield code="j">KGT.0036421</subfield>
   <subfield code="j">KGT.0036422</subfield>
   <subfield code="j">KGT.0036424</subfield>
   <subfield code="j">KGT.0036426</subfield>
   <subfield code="j">KGT.0036427</subfield>
   <subfield code="j">KGT.0036429</subfield>
   <subfield code="j">KGT.0036430</subfield>
   <subfield code="j">KGT.0035490</subfield>
   <subfield code="j">KGT.0035702</subfield>
   <subfield code="j">KGT.0035703</subfield>
   <subfield code="j">KGT.0035712</subfield>
   <subfield code="j">KGT.0035713</subfield>
   <subfield code="j">KGT.0035698</subfield>
   <subfield code="j">KGT.0035701</subfield>
   <subfield code="j">KGT.0035706</subfield>
   <subfield code="j">KGT.0035709</subfield>
   <subfield code="j">KGT.0035714</subfield>
   <subfield code="j">KGT.0036414</subfield>
   <subfield code="j">KGT.0036417</subfield>
   <subfield code="j">KGT.0036420</subfield>
   <subfield code="j">KGT.0036423</subfield>
   <subfield code="j">KGT.0036425</subfield>
   <subfield code="j">KGT.0036428</subfield>
   <subfield code="j">KGT.0036431</subfield>
  </datafield>
  <datafield tag="910" ind1=" " ind2=" ">
   <subfield code="d">20/03/2013</subfield>
  </datafield>
  <datafield tag="980" ind1="#" ind2="#">
   <subfield code="a">Trung tâm Học liệu Lê Vũ Hùng, Trường Đại học Đồng Tháp</subfield>
  </datafield>
 </record>
</collection>
